000 00246nam a22000857a 4500
008 161020b xxu||||| |||| 00| 0 eng d
100 _9894
_aStageberg.N.C.
245 _aAn Introductory English Grammer-4
260 _aNewyork
_bHolt Rinchart Swinston
_c1981
999 _c3547
_d3547